00260 a2200109 450000100060000008200170000610000220002324500630004525000120010826000220012030000080014262606 a297.1225 WAH aAbdul Waheed Khan aQuraan Majeed (Translation and Yransliteration in English) aPara II bAbdul Waheed Khan a51p